Lý luận dạy thực hành nghề /
Αποθηκεύτηκε σε:
| Κύριος συγγραφέας: | |
|---|---|
| Μορφή: | Sách giấy |
| Γλώσσα: | Vietnamese |
| Έκδοση: |
H. :
Công nhân Kỹ thuật,
1981.
|
| Ετικέτες: |
Προσθήκη ετικέτας
Δεν υπάρχουν, Καταχωρήστε ετικέτα πρώτοι!
|
| Thư viện lưu trữ: | Thư viện Trường Đại học Đà Lạt |
|---|
| LEADER | 00630nam a2200277 4500 | ||
|---|---|---|---|
| 001 | DLU140159143 | ||
| 005 | ##20140122 | ||
| 040 | # | # | |a DLU |b vie |
| 041 | # | # | |a vie |
| 044 | # | # | |a vn |
| 082 | # | # | |a 370.113 |b LI-W |
| 100 | # | # | |a Liewald Walter. |
| 245 | # | # | |a Lý luận dạy thực hành nghề / |c Walter Liewald. |
| 260 | # | # | |a H. : |b Công nhân Kỹ thuật, |c 1981. |
| 300 | # | # | |a 333 tr. ; |c 19 cm. |
| 923 | # | # | |a TL |
| 991 | # | # | |a SH |
| 992 | # | # | |a 2,70 |
| 994 | # | # | |a DLU |
| 900 | # | # | |a True |
| 911 | # | # | |a Nguyễn Huyền Anh |
| 925 | # | # | |a G |
| 926 | # | # | |a A |
| 927 | # | # | |a SH |
| 980 | # | # | |a Thư viện Trường Đại học Đà Lạt |